10 największych miast Australii - Statystyki

Ogólne statystyki
  • Ten quiz został rozwiązany 763 razy
  • Średni wynik to 6 z 10
Statystyki odpowiedzi
Liczba ludności Miasto % Poprawnych
5 450 496 Sydney
99%
5 207 145 Melbourne
87%
482 250 Canberra
86%
2 309 338 Perth
84%
2 706 966 Brisbane
69%
1 446 380 Adelaide
65%
706 673 Gold Coast
32%
509 894 Newcastle
23%
398 840 Sunshine Coast
12%
346 596 Central Coast
7%
Nie znaleziono quizów pasujących do podanych kryteriów
Rozkład punktacji
Procent ludzi z każdym wynikiem
Percentyl według liczby udzielonych odpowiedzi
Twoja historia wyników
Nie rozwiązałeś tego quizu